000 00434nam a2200169 a 4500
001 0000-8558
003 ELIB.Books
008 110520 1977
035 _a(ELIB.Books)0000-8704
082 _a280
_bJam
100 _aJames, William
245 _aThe Varieties of Religious Experience
260 _bGlasgow: William Collins Sons
_c1977
650 _aReligion
942 _2ddc
_cBK
998 _cbat
_e2011-05-20
999 _c8558
_d8558